Who I think are the best NBA players - Statistics

General Stats
  • This quiz has been taken 700 times
    677 since last reset
  • The average score is 12 of 26
Answer Stats
Hint Answer % Correct
Lebron James
96%
Steph Curry
78%
Kevin Durant
74%
Kobe Bryant
68%
Russel Westbrook
64%
James Harden
63%
Chris Paul
57%
Dwayne Wade
57%
Tim Duncan
56%
Kyrie Irving
50%
Blake Griffin
49%
Carmello Anthony
48%
Chris Bosh
46%
Dirk Nowitzki
42%
Paul George
42%
Kevin Garnett
41%
Derrick Rose
40%
Dwight Howard
38%
Paul Pierce
38%
Kevin Love
34%
John Wall
28%
Rajon Rondo
26%
Joe Johnson
20%
Monta Ellis
8%
Rudy Gay
6%
Nate Robinson
4%
No matching quizzes found
Score Distribution
Percent of People with Each Score
Percentile by Number Answered
Your Score History
You have not taken this quiz since the last reset